|
|
|
|
| LEADER |
00000nab a2200000 ar4500 |
| 001 |
vtls009290590 |
| 003 |
SK-MaSNL |
| 005 |
20260303052331.0 |
| 008 |
080429c2008 xo |||||||||||000 b|slo |
| 015 |
|
|
|a SNBRB2008/04
|2 snkbucl
|
| 038 |
|
|
|a SNKBUCL
|
| 040 |
|
|
|a SNKBUCL
|b slo
|c SNKBUCL
|e AACR2
|
| 041 |
0 |
|
|a slo
|
| 044 |
|
|
|a xo
|c SK
|
| 080 |
|
|
|a 639.1:82-94
|x (437.6)
|2 1997
|
| 080 |
|
|
|a 82-94
|x (437.6)
|2 1997
|
| 100 |
1 |
|
|a Drienovská, Júlia
|4 ivr
|4 aut
|9 267656
|
| 245 |
1 |
0 |
|a Kronikár poľovníckeho času
|b Ján Keľha, člen PZ Medovarce
|c [zhovárala sa] Júlia Drienovská
|
| 300 |
|
|
|b Fotogr.
|
| 650 |
0 |
7 |
|a poľovníctvo
|2 snkbucl
|9 2774
|
| 650 |
0 |
7 |
|a kroniky
|2 snkbucl
|9 29539
|
| 651 |
|
7 |
|a Medovarce (Slovensko)
|2 snkbucl
|9 113732
|
| 651 |
|
7 |
|a Krupina (Slovensko : okres)
|2 snkbucl
|9 74696
|
| 700 |
1 |
|
|a Keľha, Ján
|4 ive
|4 aut
|9 1043282
|
| 773 |
0 |
|
|t Naše poľovníctvo
|g Roč. V, č. 5 (2008), s. 20-21
|x 1336-5568
|
| 852 |
|
|
|a SNK
|b KIS3GCP
|
| 958 |
|
|
|a SK
|
| 999 |
|
|
|c 1714913
|d 1716843
|